000 00455nam a2200169Ia 4500
001 18068
003 IN-NITTTR
005 20251114233211.0
008 251113s9999||||xx |||||||||||||| ||eng||
040 _beng
040 _cIN-NITTTR
041 _aeng
082 _a658.562 N346T
100 _aNemoto, Masao
245 0 _aTotal quality control for management :
_bstategies and techniques from Toyota and Toyoda Gosei /
_cNemoto, Masao
942 _2ddc
_cBK
999 _c20702
_d20702